• Congregación de las Hermanas de la Caridad de Santa Ana (Zaragoza, España)

di Corporate Name

Records bibliografici associati: 2

001 - CONTROL NUMBER

  • control field: 63068

003 - CONTROL NUMBER IDENTIFIER

  • control field: IT-RoINE

005 - DATE AND TIME OF LATEST TRANSACTION

  • control field: 20191004055251.0

008 - FIXED-LENGTH DATA ELEMENTS

  • fixed length control field: 191004|| aca||aabn | a|a d

040 ## - CATALOGING SOURCE

  • Original cataloging agency: IT-RoINE
  • Transcribing agency: IT-RoINE

110 ## - HEADING--CORPORATE NAME

  • Corporate name or jurisdiction name as entry element: Congregación de las Hermanas de la Caridad de Santa Ana (Zaragoza, España)
  • General subdivision: Reglas

670 ## - SOURCE DATA FOUND

  • Source citation: Work cat.: (IT-RoINE)0: Congregación de las Hermanas de la Caridad de Santa Ana (Zaragoza, España) 63067, Constituciones /, 1992.